LIBRARY & INFORMATION CENTRE, KCAET, TAVANUR

ONLINE PUBLIC ACCESS CATALOGUE (OPAC)

Elements of Agricultural engineering (Record no. 14837)

MARC details
000 -LEADER
fixed length control field 00349cam a2200145ua 4500
020 ## - INTERNATIONAL STANDARD BOOK NUMBER
ISBN 8180140442
082 ## - DEWEY DECIMAL CLASSIFICATION NUMBER
Classification number 630
Item number SAH/EL
100 ## - MAIN ENTRY--AUTHOR NAME
Personal name Sahay, Jagdishwar.
245 ## - TITLE STATEMENT
Title Elements of Agricultural engineering
250 ## - EDITION STATEMENT
Edition statement 5
260 ## - PUBLICATION, DISTRIBUTION, ETC. (IMPRINT)
Place of publication New Delhi
Name of publisher Standard Book House
Year of publication 2013
300 ## - PHYSICAL DESCRIPTION
Number of Pages 542p
650 ## - SUBJECT ADDED ENTRY--TOPICAL TERM
Topical Term Agriculture
942 ## - ADDED ENTRY ELEMENTS (KOHA)
Koha item type Books
Holdings
Withdrawn status Lost status Damaged status Collection code Home library Current library Shelving location Date acquired Cost, normal purchase price Full call number Accession Number Koha item type
        KAUAET KAUAET General Stacks 30/03/2017 200.00 630 SAH/EL 25320 Books
        KAUAET KAUAET General Stacks 30/03/2017 200.00 630 SAH/EL 25321 Books
        KAUAET KAUAET General Stacks 30/03/2017 200.00 630 SAH/EL 25322 Books
        KAUAET KAUAET General Stacks 30/03/2017 200.00 630 SAH/EL 25323 Books
        KAUAET KAUAET General Stacks 30/03/2017 200.00 630 SAH/EL 25324 Books
free website counter